<?xml version="1.0" encoding="UTF-8"?><?xml-stylesheet type="text/xsl" href="static/style.xsl"?><OAI-PMH xmlns="http://www.openarchives.org/OAI/2.0/" xmlns:xsi="http://www.w3.org/2001/XMLSchema-instance" xsi:schemaLocation="http://www.openarchives.org/OAI/2.0/ http://www.openarchives.org/OAI/2.0/OAI-PMH.xsd"><responseDate>2026-06-05T18:08:00Z</responseDate><request verb="GetRecord" identifier="oai:riuma.uma.es:10630/27687" metadataPrefix="marc">https://riuma.uma.es/rest/oai/request</request><GetRecord><record><header><identifier>oai:riuma.uma.es:10630/27687</identifier><datestamp>2026-02-03T12:12:12Z</datestamp><setSpec>com_10630_2254</setSpec><setSpec>col_10630_37959</setSpec></header><metadata><record xmlns="http://www.loc.gov/MARC21/slim" xmlns:dcterms="http://purl.org/dc/terms/" xmlns:doc="http://www.lyncode.com/xoai" xmlns:xsi="http://www.w3.org/2001/XMLSchema-instance" xsi:schemaLocation="http://www.loc.gov/MARC21/slim http://www.loc.gov/standards/marcxml/schema/MARC21slim.xsd">
   <leader>00925njm 22002777a 4500</leader>
   <datafield ind2=" " ind1=" " tag="042">
      <subfield code="a">dc</subfield>
   </datafield>
   <datafield ind2=" " ind1=" " tag="720">
      <subfield code="a">Muñoz-Martín, José</subfield>
      <subfield code="e">author</subfield>
   </datafield>
   <datafield ind2=" " ind1=" " tag="720">
      <subfield code="a">Infantes-López, M. Inmaculada</subfield>
      <subfield code="e">author</subfield>
   </datafield>
   <datafield ind2=" " ind1=" " tag="720">
      <subfield code="a">Chaves-Peña, Patricia</subfield>
      <subfield code="e">author</subfield>
   </datafield>
   <datafield ind2=" " ind1=" " tag="720">
      <subfield code="a">Nieto-Quero, Andrea</subfield>
      <subfield code="e">author</subfield>
   </datafield>
   <datafield ind2=" " ind1=" " tag="720">
      <subfield code="a">Zambrana-Infantes, Emma</subfield>
      <subfield code="e">author</subfield>
   </datafield>
   <datafield ind2=" " ind1=" " tag="720">
      <subfield code="a">Pedraza-Benítez, María del Carmen</subfield>
      <subfield code="e">author</subfield>
   </datafield>
   <datafield ind2=" " ind1=" " tag="720">
      <subfield code="a">Pérez-Martín, Margarita</subfield>
      <subfield code="e">author</subfield>
   </datafield>
   <datafield ind2=" " ind1=" " tag="260">
      <subfield code="c">2023</subfield>
   </datafield>
   <datafield ind2=" " ind1=" " tag="520">
      <subfield code="a">Introduction: It is well known that early life adversities could a"ect brain development and&#xd;
increase the vulnerability to stress-related disorders later in adulthood. Nevertheless, the neurobiological mechanisms underlying this susceptibility have been poorly characterized and sex could be an important variable. Recently, microglia, which is involved in many neurodevelopmental processes such as neurogenesis and synaptic plasticity, has been proposed as a mediator of this stress response and early life stress could “prime” microglia to be over- responsive in future challenges. Objective: The analysis of hippocampal microglia morphology and distribution in the dentate gyrus (DG) of mice subjected to early stress. Methods: Female and male C57BL/6J mice were subjected to 3h daily maternal separation (MS) for 21 days. In postnatal day 60, adult mice undertook a single 2h restriction stress (RS). Accordingly, the experimental groups were as follows: CTRL, RS, MS, MS+RS. The DG was analyzed using immunohistochemistry techniques against Iba1 (microglia) following image analysis (ImageJ) to obtain morphological and distribution data of microglial somas and DG surface area. Results: Smaller DG surface area was observed in MS male mice compared with the CTRL group, but not in female. Furthermore, microglial soma area changed in a sex-dependent manner, having female mice from MS group an increased soma area than those of MS male mice. This was also observed to be region-specific, with a larger microglia soma in DG subgranular zone (SGZ) of MS female compared to MS male. Since microglia in this DG zone is involved in neurogenesis, this might suggest a possible change in the formation of new born neurons. Conclusion: These results revealed a di"erent microglial response to stress depending on the animal sex and open the door to a better understanding of neurobiological basis in pathologies like depression. .</subfield>
   </datafield>
   <datafield ind1="8" ind2=" " tag="024">
      <subfield code="a">Munoz-Martin, J., Infantes-López, M.I., Chaves-Peña, P., Nieto-Quero, A., Zambrana-Infantes, E., Pedraza, C., Pérez-Martín, M.  Sexual differences in hippocampal microglia of adult mice subjected to maternal separation stress (Poster). IBRO 2023, Granada, Spain.</subfield>
   </datafield>
   <datafield ind1="8" ind2=" " tag="024">
      <subfield code="a">https://hdl.handle.net/10630/27687</subfield>
   </datafield>
   <datafield tag="653" ind2=" " ind1=" ">
      <subfield code="a">Estrés (Fisiología)</subfield>
   </datafield>
   <datafield tag="653" ind2=" " ind1=" ">
      <subfield code="a">Neurobiología del desarrollo - Diferencias sexuales</subfield>
   </datafield>
   <datafield ind2="0" ind1="0" tag="245">
      <subfield code="a">Sexual differences in hippocampal microglia of adult mice subjected to maternal separation stress.</subfield>
   </datafield>
</record>
</metadata></record></GetRecord></OAI-PMH>